000
00195nam a22000977a 4500
041
_a
ENG
245
_a
Operations Manual
260
_a
India
_b
Wotr
_c
1996
650
_a
SWCE
856
_u
SWCE ( 06 )
999
_c
2566
_d
2566